Les 7 villes d'Allemagne les plus peuplées commençant par U - Statistiques

Statistiques générales
  • Ce quiz a été pris 14 fois
  • Le résultat moyen est 1 sur 7
Statistiques - réponses
# Ville Population % Correct
1 Ulm 128.998
92%
4 Unterhaching 26.488
23%
6 Überlingen 22.820
15%
2 Unna 59.974
15%
5 Übach-Palenberg 24.054
0%
7 Uetze 20.059
0%
3 Unterschleissheim 28.407
0%
Aucun quiz correspondant
Distribution des résultats
% des personnes avec chaque résultat
Percentile par nombre de réponses
Votre historique - résultats
Vous n’avez pas pris ce quiz